000 00285nmm a2200097Ia 4500
008 220120s9999||||xx |||||||||||||||||und||
082 _a00 5.133 DEI
100 _aDeitel, H.M. Deitel, P.J. & Goldberg A.B.
_93338
245 0 _aInternet and world wide web : How to program
260 _c2003
999 _c138690
_d138690